000 00392nam a22001337a 4500
008 140326b xxu||||| |||| 00| 0 eng d
050 _aPR6011.O58 Z8
100 _aMacAulay, Rose
_99399
245 _aThe Writings of E.M. Forster
_cRose MacAulay
260 _aLondon
_bThe Hogarth Press
_c1970
300 _a304p. ;
_c20cm.
600 _aForster, Edward Morgar
_99400
942 _2lcc
_cMONOGRAPH
999 _c120267
_d120267